| 000 | 00604nam a2200181 i 4500 | ||
|---|---|---|---|
| 001 | 39914 | ||
| 003 | ES-MaACL | ||
| 005 | 20230906160113.0 | ||
| 007 | t| | ||
| 008 | 030304s1971 sp ||||1| spa d | ||
| 100 | 1 |
_aCandelon, Philippe. _934461 |
|
| 245 | 1 | 4 |
_aLas máquinas agrícolas / _cpor Philippe Candelon ; versión Juan Ignacio de la Vega y Manuel Mingot Salvetti. |
| 260 |
_aMadrid : _bMundi-Prensa, _c1971. |
||
| 300 |
_a679 p. : _bil. ; _c22 cm. |
||
| 700 | 1 |
_aVega de Luque, Juan Ignacio de la. _9113595 |
|
| 700 | 1 |
_aMingot Salvetti, Manuel. _981335 |
|
| 852 |
_aES-MaACL _jC-44649 _bR.76015 |
||
| 999 |
_c39914 _d39914 |
||